000 00525nam a2200181Ia 4500
001 2600
005 20260306144819.0
008 260306t2017||||xx |||||||||||||| ||spa||
041 _aESP
082 _a616.8982
_bO643
100 _aOjea Rúa, Manuel
_eAUT
245 0 _aTrastorno del espectro autista:
_bprocesamiento de la información perceptivo-cognitivo mediante la creación de redes semánticas
260 _c2017
300 _a162 páginas :
_c23 cm.
650 _aGEN
654 _aCPS
942 _cLIB
_dJUS
_fJUS
_2ddc
_n
999 _c2600
_d2600